| 000 | 01914cam a22001934a 4500 | ||
|---|---|---|---|
| 005 | 20250605164213.0 | ||
| 008 | 250528s ||||||||||||||||||||||||d | ||
| 035 | _a20377 | ||
| 040 |
_aGR-AtMCL _bgre _dGR-AtMCL _eAACR2 |
||
| 245 | 1 | _aΣύμβολα και Συμβολισμοί / Θεοί & Θεότητες - Αστρονομία & Αστρολογία - Αλχημεία - Οικοσημολογία - Η Μαγεία & το Μυστηριώδες - Τέρατα & Μορφές της Φαντασίας - Εκκλησία & Θρησκεία - Σφραγδόλιθοι, κ.τ.λ. | |
| 300 | _a216 | ||
| 505 | 0 | _aΘεοί και Θεότητες, Αστρονομία και Αστρολογία, Αλχημεία, Οικοσημολογία, Η Μαγεία και το Μυστηριώδες, Τέρατα & Μορφές της Φαντασίας, Γιαπωνέζικες Κορωνίδες, Εκκλησία & Θρησκεία, Σημεία και Σφραγδόλιθοι, Υδατόσημα, Τυπογραφικά Σήματα, Σήμανση Βοδιών, Επίλογος, Συμβολικές Παραστάσεις Αλητών και Περθωριακών, Επίλογος | |
| 520 | _aΘεοί και Θεότητες, Αστρονομία και Αστρολογία, Αλχημεία, Οικοσημολογία, Η Μαγεία και το Μυστηριώδες, Τέρατα & Μορφές της Φαντασίας, Γιαπωνέζικες Κορωνίδες, Εκκλησία & Θρησκεία, Σημεία και Σφραγδόλιθοι, Υδατόσημα, Τυπογραφικά Σήματα, Σήμανση Βοδιών, Επίλογος, Συμβολικές Παραστάσεις Αλητών και Περθωριακών, Επίλογος | ||
| 700 | 1 |
_aLehner E _96361 |
|
| 700 | 1 |
_aΓρηγ. Φούντας _92617 |
|
| 942 | _cBK | ||
| 999 |
_c5492 _d5492 |
||